00344nam a2200121 450000100040000000500170000400800410002103500030006204100070006524500790007226000540015130000170020533020230411085954.0060907n1996 dr spa   aES0 aImpacto de la inversión extranjera directa con el desarrollo económico aSanto Domingo :bPellerano & Herrera,c1996?  ap.v. / 28 cm